Generación de empleo y reformas laborales /

Kaydedildi:
Detaylı Bibliyografya
Yazar: Tokman, Víctor E
Materyal Türü: Metin
Etiketler: Etiketle
Etiket eklenmemiş, İlk siz ekleyin!

MARC

LEADER 00000 a a2200000 04500
001 1183
003
040
100 |a Tokman, Víctor E  
245 |a Generación de empleo y reformas laborales /  |c Víctor E Tokman 
773 |g volumen 1; páginas 151-158  
999 |c 32057  |d 32057